|
|
|
|
| LEADER |
00000nam0a2200000 4500 |
| 001 |
270903 |
| 005 |
20231101234403.0 |
| 020 |
|
|
|a RU
|b 87-41654
|
| 035 |
|
|
|a (RuTPU)RU\TPU\book\294084
|
| 090 |
|
|
|a 270903
|
| 100 |
|
|
|a 20141002d1987 k y0rusy5003 ca
|
| 101 |
0 |
|
|a rus
|
| 102 |
|
|
|a RU
|
| 105 |
|
|
|a a z 001zy
|
| 200 |
1 |
|
|a Расчет оболочек с упругим заполнителем
|f М. А. Ильгамов, В. А. Иванов, Б. В. Гулин
|g Академия наук СССР (АН СССР), Казанский физико-технический институт (КФТИ) ; под ред. М. С. Корнишина
|
| 210 |
|
|
|a Москва
|c Наука
|d 1987
|
| 215 |
|
|
|a 261 с.
|c ил.
|
| 320 |
|
|
|a Библиогр. в конце частей.
|
| 606 |
1 |
|
|a Оболочки
|x Динамический расчет
|2 stltpush
|3 (RuTPU)RU\TPU\subj\46485
|9 65625
|
| 610 |
1 |
|
|a заполнители
|
| 610 |
1 |
|
|a устойчивость
|
| 610 |
1 |
|
|a пластины
|
| 610 |
1 |
|
|a собственные колебания
|
| 610 |
1 |
|
|a осесимметричные системы
|
| 610 |
1 |
|
|a деформирование
|
| 610 |
1 |
|
|a волновые процессы
|
| 610 |
1 |
|
|a динамика
|
| 610 |
1 |
|
|a вынужденные колебания
|
| 675 |
|
|
|a 539.3:51
|v 3
|
| 700 |
|
1 |
|a Ильгамов
|b М. А.
|g Марат Аксанович
|
| 701 |
|
1 |
|a Иванов
|b В. А.
|g Виктор Алексеевич
|
| 701 |
|
1 |
|a Гулин
|b Б. В.
|g Борис Валентинович
|
| 702 |
|
1 |
|a Корнишин
|b М. С.
|4 340
|
| 712 |
0 |
2 |
|a Академия наук СССР (АН СССР)
|b Казанский физико-технический институт (КФТИ)
|2 stltpush
|3 (RuTPU)RU\TPU\col\6761
|
| 801 |
|
0 |
|a RU
|b RuMRKP
|c 19950417
|g psbo
|
| 801 |
|
1 |
|a RU
|b 63413507
|c 20141002
|
| 801 |
|
2 |
|a RU
|b 63413507
|c 20160212
|g RCR
|
| 942 |
|
|
|c BK
|